Hydrologická funkcia zelených striech v urbanizovanom území

Salvato in:
Dettagli Bibliografici
Autore principale: Janíková, Kristína, 1991- (Autore)
Altri autori: Barloková, Danka, 1956- (Relatore della tesi)
Natura: Manoscritto Libro
Lingua:slovacco
Pubblicazione: Bratislava : STU v Bratislave SvF, 2013
Soggetti:
Accesso online:VAIS
https://opac.crzp.sk/?fn=detailBiblioForm&sid=9359D1AC2B33EC8F678DF8DC0F9A
Tags: Aggiungi Tag
Nessun Tag, puoi essere il primo ad aggiungerne!!

MARC

LEADER 00000ntm a22000003a 4500
001 stu272007
005 20231013151327.5
008 130720s2013----xo------------------slo-d
040 |a STU  |b slo 
041 0 |a slo 
044 |a xo 
100 1 |a Janíková, Kristína,  |d 1991-  |4 aut  |u V  |T SvF Stavebná fakulta  |X 7080  |U V  |Y 10  |7 A000007080 
242 0 0 |a Hydrological function of green roofs in urbanized region  |y eng 
245 1 |a Hydrologická funkcia zelených striech v urbanizovanom území 
260 |a Bratislava :  |b STU v Bratislave SvF,  |c 2013 
650 7 |a environment  |2 stusub 
650 7 |a environment  |2 estusub 
650 7 |a životné prostredie  |2 stusub 
650 7 |a zelená strecha  |2 stusub 
700 1 |a Barloková, Danka,  |d 1956-  |4 ths  |u V280  |U SvF Stavebná fakulta  |T SvF Katedra zdravotného inžinierstva  |X 1014  |U V280  |Y 29  |7 A000001014 
856 4 |a info a plný text  |u http://is.stuba.sk/zp/portal_zp.pl?podrobnosti=102003  |3 VAIS 
856 4 |a CRZP  |u https://opac.crzp.sk/?fn=detailBiblioForm&sid=9359D1AC2B33EC8F678DF8DC0F9A